000 00491nam a2200169Ia 4500
008 180921t2020 xxu||||| |||| 00| 0 sin d
041 _asin
080 _aX 92
_bගත්
100 _aජගත්චන්ද්‍ර, නිහාල්
245 _aකරු ජයසූරිය
246 _aKaru Jayasuriya
260 _bගොඩගේ
_aකොළඹ
_c2020
300 _bපි.500, සෙ.මි.21
942 _cBK
999 _c6593
_d6593
003 LK-CoDNM
040 _aLK-CoDNM
_dLK-CoDNM
_eLK-CoDNM